[Event "QA-ANNIV-03"]
[Site "http://www.queenalice.com/game.php?id=385497"]
[Date "2008.4.10"]
[Round "6"]
[White "smazinga"]
[Black "Ferdyrojo"]
[Result "0-1"]
[WhiteElo "1970"]
[BlackElo "2117"]

1. e4 e5 2. Nf3 Nf6 3. Nxe5 d6 4. Nf3 Nxe4 5. d4 d5 6. c4 Bb4+ 7. Bd2 Nxd2 8.
Nbxd2 Qe7+ 9. Be2 dxc4 10. a3 Ba5 11. O-O c3 12. bxc3 O-O 13. c4 Bxd2 14. Qxd2
c5 15. d5 Qd6 16. Bd3 Nd7 17. Rfe1 Nf6 18. h3 Bd7 19. a4 b6 20. Ne5 Rfe8 21.
Nxd7 Qxd7 22. Qf4 Rxe1+ 23. Rxe1 Qxa4 24. Re7 Re8 25. Rxe8+ Nxe8 0-1

[Event "AUTO-OPEN-969"]
[Site "http://www.queenalice.com/game.php?id=411589"]
[Date "2008.6.1"]
[Round "3"]
[White "mauricio_sm"]
[Black "smazinga"]
[Result "0-1"]
[WhiteElo "1707"]
[BlackElo "1904"]

1. e4 c5 2. Nc3 e6 3. d3 d6 4. Nf3 Nc6 5. g3 Be7 6. Bg2 Bf6 7. Bd2 Nge7 8. O-O
O-O 9. a3 a6 10. Re1 b5 11. Rb1 b4 12. axb4 cxb4 13. Na2 a5 14. b3 Nd4 15. c3
bxc3 16. Bxc3 Nxf3+ 17. Bxf3 Bxc3 18. Nxc3 Rb8 19. Qd2 Nc6 20. Kg2 Nd4 21. Qd1
Qf6 22. h3 Ba6 23. h4 Nxf3 24. Qxf3 Qxc3 25. Red1 Rxb3 26. Rxb3 Qxb3 27. Rc1 a4
28. Rc6 Qxd3 29. Qxd3 Bxd3 30. f3 d5 31. exd5 exd5 32. Rc5 Bc4 33. Kf2 Ra8 34.
Rc7 a3 35. Ke3 a2 36. Kd4 a1=Q+ 37. Kc5 Qa5+ 38. Kd4 Qxc7 39. f4 Qb6+ 40. Kc3
Qe3+ 0-1

[Event "AUTO-OPEN-969"]
[Site "http://www.queenalice.com/game.php?id=411590"]
[Date "2008.6.1"]
[Round "3"]
[White "smazinga"]
[Black "mauricio_sm"]
[Result "0-1"]
[WhiteElo "1927"]
[BlackElo "1752"]

1. e4 e5 2. Nf3 d6 3. Bc4 Bg4 4. c3 Bxf3 5. Qxf3 Qf6 6. Qh3 Nc6 7. Na3 a6 8. b4
g6 9. b5 Na5 10. Bd5 Ne7 11. O-O Bg7 12. bxa6 Rxa6 13. Nb5 O-O 14. Nxc7 Ra7 15.
Nb5 Nxd5 16. Nxa7 Nf4 17. Qd7 b6 18. Qb5 Rb8 19. Nc6 Nxc6 20. Qxc6 Qg5 21. Qxd6
Qxg2# 0-1

[Event "AUTO-OPEN-969"]
[Site "http://www.queenalice.com/game.php?id=411594"]
[Date "2008.6.1"]
[Round "3"]
[White "From77fr"]
[Black "smazinga"]
[Result "1-0"]
[WhiteElo "2046"]
[BlackElo "1907"]

1. d4 d5 2. e4 dxe4 3. Nc3 e6 4. f3 Nc6 5. Be3 Bb4 6. a3 Bxc3+ 7. bxc3 exf3 8.
Nxf3 h6 9. Bc4 Nf6 10. O-O O-O 11. h3 Ne4 12. Qe1 a6 13. Bd3 f5 14. Rd1 Ne7 15.
c4 c6 16. a4 Ng6 17. c3 b6 18. Bxe4 fxe4 19. Nd2 Rxf1+ 20. Qxf1 Qh4 21. Re1 Bd7
22. Bf2 Qe7 23. Nxe4 Rf8 24. Qd3 Nf4 25. Qg3 c5 26. dxc5 Nh5 27. Qc7 bxc5 28.
Bxc5 Qf7 29. Bxf8 Qxf8 30. Qxd7 Nf4 31. c5 Qf5 32. Kh2 Nh5 33. Ng3 Nxg3 34. Kxg3
Qg5+ 35. Kh2 Qf4+ 36. Kh1 Qf2 37. Qxe6+ Kh7 38. c6 1-0

[Event "E' tanto tempo che..."]
[Site "http://www.queenalice.com/game.php?id=429427"]
[Date "2008.7.8"]
[Round "-"]
[White "Frankone"]
[Black "smazinga"]
[Result "0-1"]
[WhiteElo "1576"]
[BlackElo "1914"]

1. e4 c5 2. Nf3 Nc6 3. Bb5 g6 4. Bxc6 dxc6 5. d3 Nf6 6. c3 Bg7 7. O-O O-O 8.
Nbd2 b5 9. Nb3 Qb6 10. h3 Rd8 11. d4 cxd4 12. cxd4 Nxe4 13. Nc5 Bf5 14. b4 e5
15. Nb3 exd4 16. Nfxd4 Bxd4 17. Qxd4 Rxd4 18. Be3 Rad8 19. Bxd4 Rxd4 20. Nxd4
Qxd4 21. Rad1 Qxb4 22. Rd8+ Kg7 23. g4 Be6 24. Ra1 Qc5 25. Rd3 Qxf2+ 26. Kh1 Bd5
0-1

[Event "AUTO-ADV-981"]
[Site "http://www.queenalice.com/game.php?id=437511"]
[Date "2008.7.23"]
[Round "1"]
[White "romerov"]
[Black "smazinga"]
[Result "0-1"]
[WhiteElo "1869"]
[BlackElo "1897"]

1. d4 d5 2. c4 c6 3. g3 Nf6 4. Bg2 dxc4 5. Nf3 Nbd7 6. O-O e6 7. Nbd2 b5 8. a4
Be7 9. axb5 cxb5 10. Ne5 Rb8 11. Nc6 Qb6 12. Nxb8 Nxb8 13. Nf3 O-O 14. Bf4 Nc6
15. h3 Rd8 16. Be3 Nd5 17. Bc1 c3 18. e3 a5 19. bxc3 Nxc3 20. Qc2 b4 21. Bb2 Nb5
22. Rac1 Bb7 23. Nd2 Rc8 24. Qe4 Nd6 25. Qg4 Bf6 26. Nc4 Nxc4 27. Rxc4 Ba6 28.
Rxc6 Rxc6 29. Rc1 Rxc1+ 30. Bxc1 b3 31. Bb2 a4 32. d5 Bxb2 0-1

[Event "AUTO-ADV-981"]
[Site "http://www.queenalice.com/game.php?id=437512"]
[Date "2008.7.23"]
[Round "1"]
[White "smazinga"]
[Black "romerov"]
[Result "0-1"]
[WhiteElo "1916"]
[BlackElo "1830"]

1. e4 c6 2. d4 d5 3. exd5 cxd5 4. Nf3 Bg4 5. Be2 Nf6 6. Nc3 a6 7. a3 e6 8. Ne5
Bxe2 9. Qxe2 Nc6 10. Be3 Bd6 11. Nxc6 bxc6 12. O-O O-O 13. b4 Qc7 14. f4 Nd7 15.
Rae1 Nb6 16. Qg4 Nc4 17. Bc1 Rae8 18. Ne2 Be7 19. f5 exf5 20. Rxf5 Nd6 21. Rh5
Ne4 22. Bh6 g6 23. Bxf8 Bxf8 24. Rh3 Bg7 25. Nc3 Bxd4+ 26. Kh1 Nf2+ 0-1

[Event "AUTO-ADV-981"]
[Site "http://www.queenalice.com/game.php?id=437527"]
[Date "2008.7.23"]
[Round "1"]
[White "Andreu"]
[Black "smazinga"]
[Result "0-1"]
[WhiteElo "1818"]
[BlackElo "1894"]

1. d4 d5 2. Nc3 c6 3. Bf4 Nf6 4. Nf3 Nbd7 5. e3 e6 6. a3 a6 7. Bd3 Be7 8. O-O
O-O 9. e4 dxe4 10. Nxe4 Nxe4 11. Bxe4 Nf6 12. Bd3 Nd5 13. Bd2 b5 14. c3 c5 15.
Qc2 f5 16. Ne5 c4 17. Be2 Bd6 18. f4 Bb7 19. a4 Nf6 20. Bf3 Bxf3 21. Rxf3 Bxe5
22. fxe5 Ne4 23. Qc1 Nxd2 24. Qxd2 Qd5 25. Raf1 bxa4 26. Ra1 Qb5 27. Qc2 Rab8
28. Rf2 Rb6 29. Rxa4 Rfb8 30. Rb4 Qd5 31. Rxb6 Rxb6 32. Qa4 Rc6 33. Qa3 Kf7 34.
g4 Qe4 35. gxf5 exf5 36. Qb4 Rg6+ 37. Kf1 Qd3+ 38. Re2 Qh3+ 39. Kf2 Rg2+ 40. Ke1
Rg1+ 41. Kf2 Rf1# 0-1

[Event "AUTO-ADV-981"]
[Site "http://www.queenalice.com/game.php?id=437528"]
[Date "2008.7.23"]
[Round "1"]
[White "smazinga"]
[Black "Andreu"]
[Result "0-1"]
[WhiteElo "1912"]
[BlackElo "1804"]

1. e4 e5 2. Nf3 d6 3. Bc4 h6 4. c3 Nf6 5. Qb3 Be6 6. Bxe6 fxe6 7. Qxe6+ Be7 8.
d3 Nbd7 9. b4 a5 10. Na3 Nf8 11. Qc4 g5 12. Nb5 c6 13. Na3 Ng6 14. O-O g4 15.
Ne1 h5 16. f4 gxf3 17. Nxf3 Qb6+ 18. Kh1 Ng4 19. Ng5 Nf8 20. Qf7+ Kd8 21. Ne6+
Nxe6 22. Qxe6 Nf2+ 23. Rxf2 Qxf2 24. Qf5 Qe1+ 0-1

[Event "AUTO-ADV-981"]
[Site "http://www.queenalice.com/game.php?id=437537"]
[Date "2008.7.23"]
[Round "1"]
[White "Nias"]
[Black "smazinga"]
[Result "0-1"]
[WhiteElo "1751"]
[BlackElo "1871"]

1. e4 c5 2. c4 e6 3. Nc3 Nc6 4. Nf3 d6 5. a3 Nge7 6. g3 Ng6 7. d3 Be7 8. h4 h5
9. Bg5 e5 10. Nd5 Bg4 11. Bg2 Nd4 12. Nxd4 Bxd1 13. Nf5 Bxg5 14. hxg5 O-O 15.
Rxd1 Qxg5 16. Bf3 h4 17. g4 Rab8 18. Nxd6 Ne7 19. Nxe7+ Qxe7 20. Nf5 Qd7 21.
Rxh4 b5 22. b3 a5 23. Kd2 bxc4 24. bxc4 Rfd8 25. Be2 Rb3 26. Rh3 Rxa3 27. Ke3
Rb8 28. g5 Rbb3 29. Rg3 g6 30. Nh6+ Kf8 31. Rf3 Qd4+ 32. Kd2 Ra2+ 33. Ke1 Ra1
34. Ng4 Rxd1+ 35. Bxd1 Qc3+ 36. Kf1 Rb1 37. Ne3 Qxd3+ 38. Ke1 Rxd1+ 39. Nxd1
Qxf3 0-1

[Event "AUTO-ADV-981"]
[Site "http://www.queenalice.com/game.php?id=437538"]
[Date "2008.7.23"]
[Round "1"]
[White "smazinga"]
[Black "Nias"]
[Result "0-1"]
[WhiteElo "1897"]
[BlackElo "1689"]

1. e4 e5 2. Nf3 Qf6 3. Bc4 Bc5 4. c3 g5 5. d4 exd4 6. Nxd4 d6 7. O-O h5 8. Be3
Bd7 9. Nf3 Bxe3 10. fxe3 Qg6 11. e5 Be6 12. Bd3 Bf5 13. Bxf5 Qxf5 14. exd6 cxd6
15. Nd4 Qd7 16. Nf5 d5 17. Ng7+ Kf8 18. Qd4 Nc6 19. Qd2 f6 20. Nf5 Re8 21. Nd4
Nxd4 22. exd4 Kg7 23. Qd3 Qd6 24. Nd2 Nh6 25. h3 h4 26. Rf3 g4 27. hxg4 Nxg4 28.
Rh3 Kf7 29. Rf1 Re3 30. Qf5 Rxh3 31. Qxg4 Rg3 32. Qf5 h3 33. Re1 Rxg2+ 34. Kf1
Rxd2 0-1

[Event "Torneo Italiano"]
[Site "http://www.queenalice.com/game.php?id=477309"]
[Date "2008.10.14"]
[Round "4"]
[White "schibu"]
[Black "smazinga"]
[Result "1-0"]
[WhiteElo "2303"]
[BlackElo "1873"]

1. d4 d5 2. Nf3 Nc6 3. Bg5 h6 4. Bh4 g5 5. Bg3 Bf5 6. e3 Nf6 7. Bd3 Qd7 8. Nbd2
O-O-O 9. Ne5 Nxe5 10. Bxe5 Bg7 11. Nb3 Rhg8 12. Nc5 Bg4 13. f3 Bxf3 14. Qxf3 Qg4
15. Bf5+ 1-0

[Event "AUTO-OPEN-1352"]
[Site "http://www.queenalice.com/game.php?id=500763"]
[Date "2008.12.1"]
[Round "1"]
[White "smazinga"]
[Black "Paulsains"]
[Result "1-0"]
[WhiteElo "1897"]
[BlackElo "1841"]

1. e4 e5 2. Nf3 Nc6 3. Bb5 d6 4. O-O Bd7 5. c3 Nf6 6. Re1 Be7 7. d4 O-O 8. b4
exd4 9. Nxd4 Nxd4 10. Bxd7 Qxd7 11. Qxd4 Rfe8 12. Bg5 Qg4 13. Bxf6 Bxf6 14. Qd3
Rad8 15. Nd2 c5 16. a3 b6 17. Re3 h6 18. Rae1 Be5 19. Nf3 Bf4 20. R3e2 Re6 21.
h3 Qh5 22. e5 Rg6 23. exd6 Rdxd6 24. Re8+ Kh7 25. Qe4 f5 26. Qa8 Rxg2+ 27. Kxg2
Rg6+ 28. Kf1 Qxh3+ 29. Ke2 Rf6 30. Rh8+ Kg6 31. Qe8+ Rf7 32. Rg1+ Kf6 33. Qc6+
Ke7 34. Re8# 1-0

[Event "AUTO-OPEN-1352"]
[Site "http://www.queenalice.com/game.php?id=500764"]
[Date "2008.12.1"]
[Round "1"]
[White "Paulsains"]
[Black "smazinga"]
[Result "0-1"]
[WhiteElo "1862"]
[BlackElo "1882"]

1. e4 c5 2. Nf3 Nc6 3. Bc4 e6 4. O-O d6 5. d3 Be7 6. Nc3 Nf6 7. h3 O-O 8. Be3 d5
9. exd5 exd5 10. Bb3 d4 11. Ne4 dxe3 12. fxe3 Nxe4 13. dxe4 b5 14. c4 bxc4 15.
Bxc4 Qc7 16. Qb3 Rb8 17. Qc3 Bf6 18. Qa3 Bxb2 19. Qxc5 Bxa1 20. Rxa1 Bd7 21. Ne5
Rbc8 22. Rf1 Nxe5 0-1

[Event "AUTO-OPEN-1352"]
[Site "http://www.queenalice.com/game.php?id=500765"]
[Date "2008.12.1"]
[Round "1"]
[White "smazinga"]
[Black "Sphinxchess"]
[Result "1-0"]
[WhiteElo "1920"]
[BlackElo "1826"]

1. e4 e6 2. d4 d5 3. exd5 exd5 4. Nf3 c5 5. c3 Qb6 6. Ne5 Qe6 7. Be3 cxd4 8.
cxd4 f6 9. Qh5+ Ke7 10. Nd3 g6 11. Qd1 Nc6 12. Nf4 Qe4 13. f3 Qf5 14. Bd3 Qg5
15. Nxg6+ Qxg6 16. Bxg6 hxg6 17. O-O Kf7 18. Nc3 Bd6 19. h3 Nge7 20. Ne2 Nf5 21.
Bf4 Bxf4 22. Nxf4 Ne3 23. Qd2 Nxf1 24. Kxf1 Be6 25. Re1 Rae8 26. Nxe6 Rxe6 27.
Rc1 g5 28. b4 Rhe8 29. b5 Nd8 30. Qd3 Kg7 31. Rc7+ Nf7 32. Rxb7 Re3 33. Qf5 Re1+
34. Kf2 R8e2+ 35. Kg3 Rg1 36. Kg4 Rh1 37. Qxd5 Rxg2+ 38. Kf5 Kh6 39. Qxf7 Rxh3
40. Qh7# 1-0

[Event "AUTO-OPEN-1352"]
[Site "http://www.queenalice.com/game.php?id=500766"]
[Date "2008.12.1"]
[Round "1"]
[White "Sphinxchess"]
[Black "smazinga"]
[Result "1/2-1/2"]
[WhiteElo "1833"]
[BlackElo "1926"]

1. e4 c5 2. c4 d6 3. d3 Nf6 4. Nc3 e6 5. g3 Be7 6. Bg2 O-O 7. Nge2 e5 8. O-O Bd7
9. a3 a6 10. Rb1 b5 11. b4 bxc4 12. dxc4 Nc6 13. bxc5 dxc5 14. Nd5 Nxd5 15. cxd5
Nd4 16. Nxd4 cxd4 17. f4 exf4 18. gxf4 Bc5 19. Kh1 Bb5 20. Rf3 Rb8 21. Bb2 Re8
22. Bxd4 Bxa3 23. Rxa3 Qd6 24. Qg4 f6 25. Rab3 Bd7 26. Rxb8 Bxg4 27. Rxe8+ Kf7
28. e5 fxe5 29. fxe5 Qa3 30. Reb8 Kg6 31. d6 Qd3 32. Bg1 Bf3 33. R8b3 Bxg2+ 34.
Kxg2 Qe4+ 35. Kf1 Qxe5 36. Rg3+ Kf5 37. d7 Qd6 38. Rf3+ Ke4 39. Re3+ Kf4 40. Ke2
Qxd7 41. Rf1+ Kg5 42. Rg3+ Kh5 43. Rff3 Qb5+ 44. Kf2 Qb2+ 45. Kf1 g5 46. h4 Qc1+
47. Kg2 Qc2+ 48. Kh1 gxh4 49. Rg2 Qe4 50. Rgf2 a5 51. Bh2 a4 52. Kg1 Qg4+ 53.
Kh1 Qe4 54. Kg1 Qg4+ 1/2-1/2

[Event "AUTO-OPEN-1352"]
[Site "http://www.queenalice.com/game.php?id=500767"]
[Date "2008.12.1"]
[Round "1"]
[White "smazinga"]
[Black "jazp"]
[Result "0-1"]
[WhiteElo "1932"]
[BlackElo "2193"]

1. e4 c5 2. Nf3 Nc6 3. d4 cxd4 4. Nxd4 Nf6 5. Nc3 e5 6. Nb3 Bb4 7. Bd3 d5 8. O-O
Bxc3 9. bxc3 dxe4 10. Bc4 O-O 11. Bg5 h6 12. Bh4 Qe7 13. Qe2 Bf5 14. Nd2 g5 15.
Bg3 Bg4 16. f3 exf3 17. Nxf3 e4 18. Rae1 Qa3 19. Bb3 exf3 20. Rxf3 Bxf3 21. Qxf3
Qc5+ 22. Bf2 Qd6 23. Rd1 Qf4 24. Qxf4 gxf4 25. Bd4 Nxd4 26. cxd4 Rfd8 27. c3
Rac8 28. c4 Ng4 29. d5 Ne3 30. Rd4 Rc5 31. Rxf4 Rdc8 32. Kf2 Nxc4 33. Bxc4 Rxc4
34. Rf5 Rc2+ 35. Kg3 Rxa2 36. d6 Rd2 0-1

[Event "AUTO-OPEN-1352"]
[Site "http://www.queenalice.com/game.php?id=500768"]
[Date "2008.12.1"]
[Round "1"]
[White "jazp"]
[Black "smazinga"]
[Result "1-0"]
[WhiteElo "2158"]
[BlackElo "1922"]

1. e4 c5 2. Nf3 Nc6 3. d4 cxd4 4. Nxd4 e6 5. Nc3 Bc5 6. Be3 Bxd4 7. Bxd4 Nxd4 8.
Qxd4 Nf6 9. e5 Nd5 10. Nxd5 exd5 11. Qxd5 O-O 12. O-O-O Rb8 13. Qd6 Ra8 14. Bb5
a6 15. Bxd7 Bxd7 16. Qxd7 Qg5+ 17. Kb1 Rad8 18. Qxb7 Rxd1+ 19. Rxd1 Qxe5 20.
Qxa6 Rb8 21. Qb6 h6 22. Qd4 Qxh2 23. g3 Qh5 24. a4 Qa5 25. b3 Qc7 26. Qd6 Qa7
27. f4 Rc8 28. Qd7 Qc5 29. Qd2 Qb6 30. a5 Qb5 31. Qd5 Qb4 32. a6 Qb6 33. Qb7 Qc5
34. Rd2 Re8 35. a7 Qa5 36. Qb8 Rxb8 37. axb8=Q+ Kh7 38. Qd8 Qc5 39. Qd5 Qg1+ 40.
Kb2 Qxg3 41. Qxf7 1-0

[Event "Challenge"]
[Site "http://www.queenalice.com/game.php?id=505550"]
[Date "2008.12.10"]
[Round "-"]
[White "ORNELAS"]
[Black "smazinga"]
[Result "0-1"]
[WhiteElo "1729"]
[BlackElo "1911"]

1. e4 c5 2. Bc4 e6 3. e5 d6 4. Nf3 Ne7 5. d3 Nec6 6. Bg5 Be7 7. Qd2 O-O 8. O-O
dxe5 9. Bh6 gxh6 10. Qxh6 Nd4 11. Nxe5 Nf5 12. Qh5 Qd4 13. Nd2 Qxe5 14. Rfe1
Qxb2 15. Qg4+ Qg7 16. Qxg7+ Kxg7 17. Nf3 Nc6 18. c3 Bf6 19. d4 cxd4 20. cxd4
Ncxd4 21. Nxd4 Nxd4 22. Rad1 b5 23. Re4 e5 24. Bd3 Bf5 25. Re3 Bxd3 26. Rexd3
Rfc8 27. h3 Rc2 28. R1d2 Rac8 29. Rxc2 Rxc2 30. Rg3+ Kf8 31. Ra3 Nc6 32. Rd3 Be7
33. Rb3 b4 34. a4 a5 35. Rd3 Nd4 36. Re3 Re2 37. Rd3 Bd6 38. g3 b3 39. Rc3 b2
40. Rc8+ Ke7 41. h4 b1=Q+ 42. Kg2 Qe4+ 43. Kh3 Qf5+ 0-1

[Event "Challenge"]
[Site "http://www.queenalice.com/game.php?id=525467"]
[Date "2009.1.19"]
[Round "-"]
[White "ORNELAS"]
[Black "smazinga"]
[Result "0-1"]
[WhiteElo "1644"]
[BlackElo "1915"]

1. e4 c5 2. Bc4 e6 3. d4 cxd4 4. Qxd4 Nc6 5. Qd2 Nf6 6. c3 Nxe4 7. Qd3 d5 8. Nf3
Bc5 9. Qe2 Kf8 10. Bb5 h5 11. Bxc6 bxc6 12. Be3 Bxe3 13. fxe3 Qd6 14. O-O a5 15.
Nbd2 Ba6 16. c4 Nxd2 17. Nxd2 h4 18. h3 Qc7 19. b3 Rb8 20. Rf2 dxc4 21. bxc4 Rb2
22. Qd3 Ke7 23. Qa3+ Rb4 24. Qc3 f6 25. a3 Rb6 26. Raf1 Rh6 27. Qxa5 Qb7 28.
Qc5+ Kf7 29. Ne4 Qc7 30. Nd6+ Kg8 31. Ne8 Qd8 32. Nd6 f5 33. Rf4 Rg6 34. e4 Rb2
35. R1f2 Rb1+ 36. Kh2 Qg5 37. exf5 Qg3# 0-1

[Event "Giochiamo?"]
[Site "http://www.queenalice.com/game.php?id=531329"]
[Date "2009.1.29"]
[Round "-"]
[White "smazinga"]
[Black "Frankone"]
[Result "1-0"]
[WhiteElo "1920"]
[BlackElo "1648"]

1. e4 e5 2. Nf3 Nc6 3. Bb5 Nd4 4. Nxd4 exd4 5. c3 a6 6. Bd3 b5 7. cxd4 c5 8.
dxc5 Bxc5 9. O-O Nf6 10. e5 Ng8 11. Nc3 Bb7 12. Be4 d5 13. Bf3 Bd4 14. a3 Qc7
15. Nxd5 Bxd5 16. Bxd5 Rd8 17. Qf3 f6 18. exf6 Nxf6 19. Re1+ Kf8 20. Ba2 h5 21.
d3 Be5 22. h3 h4 23. Bg5 Bxb2 24. Rab1 Bxa3 25. Bxf6 Re8 26. Bd8+ 1-0